00750cam a22002051 4500001001300000003000400013005001700017008004100034010001700075035001900092040001900111042001200130050002100142130003100163245022600194260005100420300001800471700003800489999001700527ca 34000220 DLC20260227111130.0810717s1933 nyu 000 0 eng  aca 34000220  a(OCoLC)7595053 aDLCcCU-IdDLC apremarc00aAE5b.N2781 19334 aThe National encyclopedia.10aQuestion manual for use with the National encyclopedia,ceditor in chief, Henry Suzzallo ... a list of three thousand five hundred interesting questions, classified according to subjects, affording a course of home study. aNew York,bP.F. Collier & son companyc[c1933] a80 p.c26 cm.1 aSuzzallo, Henry,d1875-1933,eed. c17252d17252